| 000 | 00349 a2200133 4500 | ||
|---|---|---|---|
| 003 | Nust | ||
| 005 | 20170207170502.0 | ||
| 040 | _cNust | ||
| 082 | _a799 | ||
| 245 |
_aIG C& IT Visit to SOM-ASOM,Photographs-2015 _cMCS |
||
| 260 |
_aRawalpindi _bMCS _c26-01-2015 |
||
| 650 | _aPictures of IG C& IT Visit to SOM-ASOM,Photographs-2015 | ||
| 651 | _aSweet Memories-MCS | ||
| 942 | _cBK | ||
| 999 |
_c215108 _d215108 |
||